| 000 | 00405nam a2200181Ia 4500 | ||
|---|---|---|---|
| 001 | 10068 | ||
| 005 | 20260306161804.0 | ||
| 008 | 260306t2018||||xx |||||||||||||| ||spa|| | ||
| 041 | _aESP | ||
| 082 |
_a869.963 _bE49 |
||
| 100 |
_aEmezi, Akwaeke, _eAUT |
||
| 245 | 0 | _aFreshwater | |
| 260 | _c2018 | ||
| 300 |
_a229 páginas : _c21 cm. |
||
| 650 | _aGEN | ||
| 654 | _aCHU | ||
| 942 |
_cLIB _dJUS _fJUS _2ddc _n |
||
| 999 |
_c10068 _d10068 |
||